Top 50 Hit Songs Of The 2010’s - Statistics

General Stats
  • This quiz has been taken 2,594 times
    1,696 since last reset
  • The average score is 38 of 50
Answer Stats
Song: Year Artist: % Correct
Rolling In The Deep 2010 Adele
98%
Someone Like You 2011 Adele
98%
Hello 2015 Adele
98%
Teenage Dream 2010 Katy Perry
98%
Firework 2010 Katy Perry
98%
Dark Horse 2013 Katy Perry
98%
Uptown Funk 2014 Bruno Mars/ Mark Ronson
97%
Just The Way You Are 2010 Bruno Mars
96%
When I Was Your Man 2012 Bruno Mars
96%
Timber 2013 Kesha/ Pitbull
94%
Tik Tok 2010 Kesha
93%
Diamonds 2012 Rihanna
91%
Old Town Road 2019 Lil Nas X/ Billy Ray Cyrus
90%
Wrecking Ball 2013 Miley Cyrus
90%
I Knew You Were Trouble 2012 Taylor Swift
90%
Blank Space 2014 Taylor Swift
90%
Thank U, Next 2018 Ariana Grande
87%
Thinking Out Loud 2014 Ed Sheeran
87%
Perfect 2017 Ed Sheeran
87%
Moves Like Jagger 2011 Maroon 5
87%
Chandelier 2014 Sia
87%
Blurred Lines 2013 Pharrell Williams/ Robin Thicke
84%
Radioactive 2012 Imagine Dragons
83%
Love Yourself 2015 Justin Bieber
83%
What Makes You Beautiful 2011 One Direction
82%
Happy 2013 Pharrell Williams
82%
All About That Bass 2014 Meghan Trainor
80%
Call Me Maybe 2011 Carly Rae Jepsen
79%
Shallow 2018 Lady Gaga/Bradley Cooper
78%
Counting Stars 2013 One Republic
77%
All Of Me 2013 John Legend
76%
Royals 2013 Lorde
76%
Wake Me Up 2013 Avicii
75%
Super Bass 2010 Nicki Minaj
75%
See You Again 2015 Wiz Khalifa/ Charlie Puth
74%
Somebody That I UsedTo Know 2011 Gotye/ Kimbra
72%
Party Rock Anthem 2011 LMFAO
72%
Despacito 2017 Luis Fonsi
63%
Just Give Me A Reason 2012 Pink/ Nate Reuss
63%
Someone You Loved 2019 Lewis Capaldi
62%
Fancy 2014 Iggy Azalea/ Charli XCX
57%
7 Years 2015 Lukas Graham
56%
Let Her Go 2012 Passenger
56%
We Are Young 2012 Fun
53%
Can't Feel My Face 2015 Weeknd
52%
Worth It 2015 Fifth Harmony
44%
A Thousand Years 2011 Christina Perri
41%
Let It Go 2013 Idina Menzel
36%
Criminal 2011 Britney Spears
31%
Magic 2014 Coldplay
24%
No matching quizzes found
Score Distribution
Percent of People with Each Score
Percentile by Number Answered
Your Score History
You have not taken this quiz since the last reset